صيغ الدعاوى و الطلبات المستعجلة والإنذارات والإخطارات في قانون المالكين والمستاجرين / (رقم التسجيلة. 125297)
[ عرض عادي ]
| 000 -الفاتح | |
|---|---|
| عناصر البيانات ثابتة الطول | 00861cam a2200193 i 4500 |
| 005 - تاريخ ووقت آخر معاملة | |
| حقل ضبط | 20260126125723.0 |
| 008 - عناصر البيانات ثابتة الطول | |
| عناصر البيانات ثابتة الطول | 250721s2012 jo gr 000 0 ara d |
| 082 14 - رقم تصنيف ديوي العشري | |
| رقم التصنيف | 346.043 |
| رقم المادة | ش و ش |
| 100 1# - مدخل رئيسي – اسم شخصي | |
| الاسم الشخصي | شوشاري، صلاح الدين محمد |
| علاقة الشخص بالعمل/ دوره | مؤلف. |
| 245 10 - بيان العنوان | |
| العنوان | صيغ الدعاوى و الطلبات المستعجلة والإنذارات والإخطارات في قانون المالكين والمستاجرين / |
| بيان المسؤولية | المحامي صلاح الدين محمد شوشاري. |
| 250 ## - بيان الطبعة | |
| بيان الطبعة | الطبعة الثانيه، مزيدة ومنقحة. |
| 264 31 - بيانات النشر، التوزيع…إلخ | |
| مكان النشر، التوزيع...إلخ | عمان : |
| اسم الناشر، الموزع...إلخ | صلاح الدين محمد شوشاري، |
| تاريخ النشر، التوزيع...إلخ | 2012. |
| 300 ## - الوصف المادي | |
| عدد الوحدات المكونة للوعاء | 264 صفحة. |
| 650 17 - مدخل إضافي بالموضوع - مصطلح موضوعي | |
| مصطلح موضوعي أو اسم جغرافي كعنصر مدخل | القانون الخاص. |
| 650 17 - مدخل إضافي بالموضوع - مصطلح موضوعي | |
| مصطلح موضوعي أو اسم جغرافي كعنصر مدخل | تأجير المساكن. |
| 650 17 - مدخل إضافي بالموضوع - مصطلح موضوعي | |
| مصطلح موضوعي أو اسم جغرافي كعنصر مدخل | الإنذار القضائي. |
| 942 ## - بيانات إضافية (كوها) | |
| نوع التنصيف | Dewey Decimal Classification |
| نوع المادة (كوها) | كتب |
| حالة السحب | حالة الفقدان | مصدر التصنيف | حالة التلف | غير قابل للإعارة | المكتبة الرئيسية | المكتبة الحالية | موقع الرف | تاريخ التزويد | الرقم المتسلسل | Total Checkouts | رقم الإستدعاء | الباركود | تاريخ آخر ظهور | تاريخ الفاتورة | نوع المادة (كوها) |
|---|---|---|---|---|---|---|---|---|---|---|---|---|---|---|---|
| Dewey Decimal Classification | المكتبة المركزية | المكتبة المركزية | الإعارة | 28/07/2025 | 1524391 | 346.043 / ش و ش | PLD00250407 | 28/07/2025 | 28/07/2025 | كتب | |||||
| Dewey Decimal Classification | المكتبة المركزية | المكتبة المركزية | مقتنيات قسم التزويد | 28/07/2025 | 1524393 | 346.043/شوش | 28/07/2025 | 28/07/2025 | كتب | ||||||
| Dewey Decimal Classification | المكتبة المركزية | المكتبة المركزية | مقتنيات قسم التزويد | 28/07/2025 | 1524394 | 346.043/شوش | 28/07/2025 | 28/07/2025 | كتب | ||||||
| Dewey Decimal Classification | مكتبة أبو علندا العامة | مكتبة أبو علندا العامة | الإعارة | 14/05/2012 | 1524395 | 346.043/شوش | PLD00250488 | 28/07/2025 | 14/05/2012 | كتب | |||||
| Dewey Decimal Classification | مكتبة أم قصير والمقابلين العامة | مكتبة أم قصير والمقابلين العامة | الإعارة | 14/05/2012 | 1524396 | 346.043/شوش | PLD00250489 | 28/07/2025 | 14/05/2012 | كتب | |||||
| Dewey Decimal Classification | مكتبة الاميرة بديعة | مكتبة الاميرة بديعة | الإعارة | 14/05/2012 | 1524400 | 346.043/شوش | PLD00250493 | 28/07/2025 | 14/05/2012 | كتب | |||||
| Dewey Decimal Classification | مكتبة الجويدة | مكتبة الجويدة | الإعارة | 14/05/2012 | 1524397 | 346.043/شوش | PLD00250490 | 28/07/2025 | 14/05/2012 | كتب | |||||
| Dewey Decimal Classification | مكتبة الحسن العامة | مكتبة الحسن العامة | الإعارة | 14/05/2012 | 1524399 | 346.043/شوش | PLD00250492 | 28/07/2025 | 14/05/2012 | كتب | |||||
| Dewey Decimal Classification | مكتبة النصر العامة | مكتبة النصر العامة | الإعارة | 14/05/2012 | 1524401 | 346.043/شوش | PLD00250494 | 28/07/2025 | 14/05/2012 | كتب | |||||
| Dewey Decimal Classification | مكتبة حمزة العامة | مكتبة حمزة العامة | الإعارة | 14/05/2012 | 1524402 | 346.043/شوش | PLD00250495 | 28/07/2025 | 14/05/2012 | كتب | |||||
| Dewey Decimal Classification | مكتبة صويلح العامة | مكتبة صويلح العامة | الإعارة | 14/05/2012 | 1524398 | 346.043/شوش | PLD00250491 | 28/07/2025 | 14/05/2012 | كتب | |||||
| Dewey Decimal Classification | مكتبة وادي السير العامة | مكتبة وادي السير العامة | الإعارة | 14/05/2012 | 1524404 | 346.043/شوش | PLD00250497 | 28/07/2025 | 14/05/2012 | كتب |